Plantas medicinales y frutales del páramo de Chingaza / (Registro nro. 18759)
[ vista simple ]
| 000 -CABECERA | |
|---|---|
| Campo de control | 01015nam a22002537a 4500 |
| 005 - FECHA Y HORA DE LA ULTIMA TRANSACCION | |
| Campo de control | 20191224042300.0 |
| 008 - ELEMENTOS DE LONGITUD FIJA—INFORMACION GENERAL | |
| Campo de control | 160601s2015 ck a||||r|||| 00| 0 spa d |
| 020 ## - ISBN | |
| ISBN | 9789589365762 |
| 040 ## - FUENTE DE CATALOGACIÓN | |
| Agencia catalogadora original | CO-BoIAVH |
| Agencia transcriptora | CO-BoIAVH |
| 041 0# - IDIOMA | |
| Código de idioma para texto/pista de sonido o título separado | Español |
| 044 ## - PAÍS DE PUBLICACIÓN | |
| País de publicación | Colombia |
| 082 04 - NUMERO DE CLASIFICACION DECIMAL DEWEY | |
| Número de clasificación | 577.38071 |
| Número del ítem | P98a12 |
| 100 1# - ASIENTO PRINCIPAL--NOMBRE PERSONAL | |
| Nombre personal | Rodríguez Peñuela, Blanca Beatriz |
| Término relacionado | autora |
| 9 (RLIN) | 71196 |
| 245 10 - MENCION DE TITULO | |
| Título | Plantas medicinales y frutales del páramo de Chingaza / |
| Mención de responsabilidad | Blanca Beatriz Rodríguez Peñuela |
| 260 ## - PUBLICACION, DISTRIBUCION, ETC. (PIE DE IMPRENTA) | |
| Lugar de publicación, distribución, etc. | Bogotá : |
| Nombre del editor, distribuidor, etc. | Tropenbos Internacional Colombia : |
| -- | UICN Sur, |
| Fecha de publicación, distribución, etc. | 2015. |
| 300 ## - DESCRIPCION FISICA | |
| Extensión | 25 páginas : |
| Otros detalles físicos | ilustraciones (algunas a color) ; |
| Dimensiones | 16 x 21 cm. |
| 500 ## - NOTA GENERAL | |
| Nota general | Proyecto comunidades de los páramos, fortaleciendo las capacidades y la coordinación para la adaptación a los efectos del cambio climático. |
| 650 26 - ASIENTO SECUNDARIO DE MATERIA - TERMINO TEMATICO | |
| Término temático o nombre geográfico como elemento de entrada | Plantas medicinales |
| 9 (RLIN) | 93263 |
| 650 16 - ASIENTO SECUNDARIO DE MATERIA - TERMINO TEMATICO | |
| Término temático o nombre geográfico como elemento de entrada | Páramos |
| Subdivisión general | Plantas |
| 9 (RLIN) | 71204 |
| 650 24 - ASIENTO SECUNDARIO DE MATERIA - TERMINO TEMATICO | |
| Término temático o nombre geográfico como elemento de entrada | Plantas frutales |
| 9 (RLIN) | 71198 |
| 650 26 - ASIENTO SECUNDARIO DE MATERIA - TERMINO TEMATICO | |
| Término temático o nombre geográfico como elemento de entrada | Árboles frutales |
| 9 (RLIN) | 4754 |
| 662 ## - ASIENTO SECUNDARIO DE MATERIA - JERARQUIA DEL NOMBRE DE LUGAR( | |
| País o entidad mayor | Colombia |
| Jurisdicción política de primer orden | Páramo de Chingaza |
| 942 ## - ELEMENTOS ADICIONALES (KOHA) | |
| Sistema de clasificación | Dewey Decimal Classification |
| Tipo de ítem | Libro |
| Withdrawn status | Lost status | Sistema de Clasificación | Damaged status | No para préstamo | Colección | Inventariado | Ubicación Permanente | Ubicación actual | Fecha de adquisición | Fuente de Valor | Valor | Total Checkouts | Número topográfico | Inventario / Código de Barras | Date last seen | Date checked out | Ejemplar | Price effective from | Forma de adquisición | Tipo de material |
|---|---|---|---|---|---|---|---|---|---|---|---|---|---|---|---|---|---|---|---|---|
| Dewey Decimal Classification | General | Inventariado 2017 | Bogotá | Bogotá | 01/06/2016 | Instituto | 39000.00 | 1 | LB-577.38071 P98a12 | 040407 | 07/02/2019 | 07/02/2019 | Ej. 1 | 01/06/2016 | Donación | Libro | ||||
| Dewey Decimal Classification | General | Bogotá | Bogotá | 13/11/2019 | LB-577.38071 P98a12 | 043792 | 13/11/2019 | Ej.3 | 13/11/2019 | Donación | Libro | |||||||||
| Dewey Decimal Classification | General | Inventariado 2017 | Sala Fabio Quevedo | Sala Fabio Quevedo | 01/06/2016 | Instituto | 39000.00 | LB-577.38071 P98a12 | 040408 | 01/06/2016 | Ej. 2 | 01/06/2016 | Donación | Libro |